| 000 | 01261cam a2200385 a 4500 | ||
|---|---|---|---|
| 999 |
_c5890 _d5890 |
||
| 001 | 13982999 | ||
| 003 | OSt | ||
| 005 | 20251127090013.0 | ||
| 008 | 050526s2004 nyu 000 f eng c | ||
| 010 | _a 2005298422 | ||
| 020 | _a9781407235165 | ||
| 035 | _a13982999 | ||
| 035 | _a(OCoLC)56316017 | ||
| 040 |
_aUBY _cUBY _dJRS _dNSB _dDLC _dKH8 |
||
| 042 | _apcc | ||
| 043 | _ae-gr--- | ||
| 082 | _aFIC BIN | ||
| 100 | 1 |
_aBinchy, Maeve, _eauthor. |
|
| 245 | 1 | 0 |
_aNights of rain and stars / _cMaeve Binchy. |
| 260 |
_aNew York : _bDutton, _cc2004. |
||
| 300 |
_a294 p. ; _c24 cm. |
||
| 336 |
_atext _btxt _2rdacontent |
||
| 337 |
_aunmediated _bn _2rdamedia |
||
| 338 |
_avolume _bnc _2rdacarrier |
||
| 520 | _aIn a small Greek island village, a group of travelers from around the world and the local residents they encounter are brought together when tragedy strikes. | ||
| 650 | 0 |
_aIrish _zGreece _vFiction. |
|
| 650 | 0 |
_aLife change events _vFiction. |
|
| 650 | 0 |
_aTaverns (Inns) _zGreece _vFiction. |
|
| 650 | 0 |
_aExpatriation _vFiction. |
|
| 650 | 0 |
_aTravelers _vFiction. |
|
| 651 | 0 |
_aGreece _vFiction. |
|
| 655 | 0 | _aPsychological fiction. | |
| 655 | 7 |
_aFiction. _2lcgft _0https://id.loc.gov/authorities/genreForms/gf2014026339 |
|
| 942 |
_2ddc _cFIC |
||